000 00520nam a22001577a 4500
003 NUST
038 _aNusrat Nadeem
082 _a200
100 _aUllah, Asmat
_9130583
245 _aThe Role of Pakistan’s Ten Billion Tree Tsunami (TBTT) Project in Achieving Its Climate Goals/
_cUllah, Asmat
264 _aIslamabad:
_bMS-Economics
_c2025.
650 _aMS-Economics
_9123068
700 _aSupervisor: Dr. Wajiha Haq
_9114415
856 _u http://10.250.8.41:8080/xmlui/handle/123456789/54774
942 _2ddc
_cSC
999 _c614775
_d614775